000 00755nam a2200217Ia 4500
001 7948
003 GE_BSU
008 181216s||||||||xx |||||||||||||| ||und||
040 _cGE_BSU
080 _a624.5.001.2
100 _aКачурин,В.К. Врагин,А.В. Ергунов,В.Г.
245 _aПроектирование висячих и вантовых мостов.
245 _cПод общей ред. В.К.Качурина. Ред. К.М.Ивановская.
260 _aМ.
260 _bТранспорт.
260 _c1971.
300 _a280стр.22см.библиогр.:стр.275.
300 _eЧертеж.
653 _aПроектирование висячих и вантовых мостов.
942 _cBK
999 _c41291
_d41291